Thành phần xen cốt truyện trong tiểu thuyết "Lầm than" của Lan Khai The interfering - Components in plot in " Lam Than " of Lan Khai

Gardado en:
Detalles Bibliográficos
Autor Principal: Lê Thị Thanh Tịnh
Outros autores: Nguyễn Thanh Trường TS (hướng dẫn)
Formato: Libro
Idioma:Vietnamese
Publicado: Đà Nẵng Trường Đại học Sư phạm 2012
Những chủ đề:
Các nhãn: Engadir etiqueta
Sen Etiquetas, Sexa o primeiro en etiquetar este rexistro!
Thư viện lưu trữ: Mạng thư viện Đại học Đà Nẵng
LEADER 01488nam a2200325 4500
001 000017744
003 14170
005 20130523090539.0
008 130523s2012 viesd
041 |a vie 
082 1 4 |a 895.922332  |b LÊ-T 
100 1 |a Lê Thị Thanh Tịnh 
245 1 0 |a Thành phần xen cốt truyện trong tiểu thuyết "Lầm than" của Lan Khai  |b The interfering - Components in plot in " Lam Than " of Lan Khai  |c Lê Thị thanh Tịnh ; Hướng dẫn Nguyễn Thanh Trường  |k Báo cáo khoa học 
260 |a Đà Nẵng  |b Trường Đại học Sư phạm  |c 2012 
300 |a 6 tr. [bản tóm tắt]  |c 30 cm. 
500 |a Công trình tham gia hội nghị sinh viên nghiên cứu khoa học Trường Đại học Sư phạm năm 2012. Khoa Ngữ Văn 
650 0 4 |a Tiểu thuyết  |v Báo cáo khoa học  |x Lầm Than  |y Lan Khai  |z Đà Nẵng 
653 |a Nghiên cứu khoa học 
700 1 |a Nguyễn Thanh Trường  |c TS  |e hướng dẫn 
OWN |a LSP 
AVA |a UDN50  |b LSP  |d 895.922332 LÊ-T  |e available  |t Error 5001 Not defined in file expand_doc_bib_avail.  |f 1  |g 0  |h N  |i 0  |k 1 
999 |a From the UDN01 
AVA |a UDN50  |b LSP  |d 895.922332 LÊ-T  |e available  |t Error 5001 Not defined in file expand_doc_bib_avail.  |f 1  |g 0  |h N  |i 0  |k 1 
TYP |a Mixed Materials 
TYP |a Monograph 
TYP |a Printed language 
980 |a Mạng thư viện Đại học Đà Nẵng